01455nam a22003977a 4500003000500000005001700005008004100022010001000063011001000073035001000083040000900093090001000102100004200112245010500154260004000259300002200299500000600321502008100327590003700408590004100445590004100486590004100527590004100568590004200609650003300651650003200684650003800716650003100754650002900785901000700814942001000821949004300831949003800874999001700912952012800929CHAP20220329141245.0971010s1986 r 00010 d a65247 a66219 a74226 cCHAP aTesis00aMartínez González, Damaso.972089 aEvaluación de un paquete tecnológico para maiz (Zea mayz L.) en el Centro Demostrativo Pujal Coy aChapingo, Méx. :bEl autor,c1986 a91 h.b; gráfs. a/ aTesis (Ing. Agr. Esp. en Irrigación) -- UACH. Departamento de Irrigación aALEPHb10c20130110lUCH01h1355 aBATCH-UPDb10c20130110lUCH01h0303 aBATCH-UPDb10c20130110lUCH01h1724 aBATCH-UPDb10c20130409lUCH01h2335 aBATCH-UPDb10c20130914lUCH01h1754 aCONVERSIONb10c20130109lUCH01h133614aMaízxIrrigación.97099814aMaízxRendimiento.97105114aMaízxSan Luis Potosí.97105614aMaízxTamaulipas.97106714aMaízxVeracruz.971085 aBK cTESIS bBCcTESd-146513eTS1h18266i74226si bIcTESd-7083eTS1h395i74226si c65247d65247 00102local4051708TESISaBCbBCcPA_TESISd2019-12-31fTESISl0oTesisp-146513r2019-12-31 00:00:00w2019-12-31yTESIS